Роль и значение выделения переменной части затрат предприятия при организации коммерческой хозяйственной деятельности: Статья Статья
Cоставление формулы гибкого бюджета позволяет руководству детально планировать расходы предприятия и адекватно управлять изменениями. Для этого необходимо подготовить норматив переменных затрат. В теории классификации затрат на постоянные - переменные существует два подхода к изучению их поведения:...
Сохранить в:
| Hovedforfatter: | |
|---|---|
| Format: | Статья |
| Udgivelse: | 1 |
| Online adgang: | https://znanium.com/catalog/document?id=51089 https://znanium.com/cover/0562/562940.jpg |
| Tags: |
Tilføj Tag
Ingen Tags, Vær først til at tagge denne postø!
|
| LEADER | 03346nam0a2200241 i 4500 | ||
|---|---|---|---|
| 001 | RU\infra-m\znanium\bibl\562940 | ||
| 003 | https://znanium.com/catalog/document?id=51089 | ||
| 005 | 20190811000000.0 | ||
| 100 | |a 20190811d2016 m y0rusy0150 ca | ||
| 101 | 0 | |a rus | |
| 102 | |a RU | ||
| 200 | 1 | |a Роль и значение выделения переменной части затрат предприятия при организации коммерческой хозяйственной деятельности: Статья |e Статья |f Национальный исследовательский университет "Высшая школа экономики" |g Национальный исследовательский университет "Высшая школа экономики" | |
| 205 | |a 1 | ||
| 210 | 1 | |a Москва |c Издательский Центр РИОР |d 2017 | |
| 215 | |a 24 с. | ||
| 330 | |a Cоставление формулы гибкого бюджета позволяет руководству детально планировать расходы предприятия и адекватно управлять изменениями. Для этого необходимо подготовить норматив переменных затрат. В теории классификации затрат на постоянные - переменные существует два подхода к изучению их поведения: микроэкономический и бухгалтерский. В рамках бухгалтерского подхода в теории и практике западного управленческого учета применяется ряд методов разделения затрат на переменную и постоянную части. На предлагаемом примере рассмотрены методы распределения затрат: (1) метод корреляции (2) метод наименьших квадратов (3) метод высшей и низшей точек. В статье анализируются преимущества и недостатки различных методов и обсуждается практическая применимость полученных результатов. | ||
| 608 | |a Статья |2 local | ||
| 700 | 1 | |a Шишкова |b Т. В. |g Татьяна Владимировна |p Национальный исследовательский университет "Высшая школа экономики" | |
| 701 | 1 | |a Волошин |b Д.А. |g Дмитрий Александрович |p Московский государственный университет им. М.В. Ломоносова, экономический факультет | |
| 712 | 0 | 2 | |a Национальный исследовательский университет "Высшая школа экономики" |
| 801 | 0 | |a RU |b Общество с ограниченной ответственностью «ЗНАНИУМ» |c 20160524 |2 rusmarc | |
| 856 | 4 | |a znanium.com |m ebs_support@infra-m.ru |n НИЦ ИНФРА-М |u https://znanium.com/catalog/document?id=51089 | |
| 856 | 4 | 1 | |a znanium.com |d /cover/0562 |f 562940.jpg |q image/jpeg |u https://znanium.com/cover/0562/562940.jpg |